Catálogo

AVANCES DE INVESTIGACION NO.14 AGROPECUARIAS (Registro nro. 37267)

Detalles MARC
000 -LEADER
fixed length control field 00406nam a2200157 a 4500
001 - CONTROL NUMBER
control field 37267
005 - DATE AND TIME OF LATEST TRANSACTION
control field 20180714010134.0
008 - FIXED-LENGTH DATA ELEMENTS--GENERAL INFORMATION
fixed length control field 140415s1992 mx 000 0 spa d
041 ## - LANGUAGE CODE
Language code of text/sound track or separate title spa
082 ## - DEWEY DECIMAL CLASSIFICATION NUMBER
Classification number 630
Item number AVA
245 00 - TITLE STATEMENT
Title AVANCES DE INVESTIGACION NO.14 AGROPECUARIAS
250 ## - EDITION STATEMENT
Edition statement 1a ed.
260 ## - PUBLICATION, DISTRIBUTION, ETC.
Place of publication, distribution, etc. MEXICO :
Name of publisher, distributor, etc. UNIVERSIDAD DE COLIMA,
Date of publication, distribution, etc. 1992
300 ## - PHYSICAL DESCRIPTION
Extent 151
650 14 - SUBJECT ADDED ENTRY--TOPICAL TERM
Topical term or geographic name entry element AGRONOMIA
Existencias
Withdrawn status Lost status Source of classification or shelving scheme Damaged status Not for loan Collection code Home library Current library Shelving location Date acquired Source of acquisition Inventory number Total Checkouts Full call number Barcode Date last seen Price effective from Koha item type
    Dewey Decimal Classification     General Biblioteca Karol Wojtyla Biblioteca Karol Wojtyla Sala general 03/12/2013 Compra 151000000000000000012583   630 AVA 56060 05/01/2026 03/12/2013 Libro